Effect of three kind antibiotics for diarrhea treatment in weaned piglet at prearang district prey veng province, ប្រសិទ្ធភាពនៃអង់ទីប៊ីយ៉ូទិចបីប្រភេទសំរាប់ព្យាបាលជំងឺរាកកូនជ្រូក ក្នុងកំឡុងពេលផ្ដាច់ដោះនៅស្រុកពារាំង​ខេត្តព្រៃវែង (Record no. 2677)

000 -LEADER
fixed length control field 00787nam a22001337a 4500
040 ## - CATALOGING SOURCE
Transcribing agency RUA
082 ## - DEWEY DECIMAL CLASSIFICATION NUMBER
Classification number AVM LAO 2013 B109 Or.1
100 ## - MAIN ENTRY--AUTHOR NAME
Personal name LAO, THEANY.
245 ## - TITLE STATEMENT
Title Effect of three kind antibiotics for diarrhea treatment in weaned piglet at prearang district prey veng province, ប្រសិទ្ធភាពនៃអង់ទីប៊ីយ៉ូទិចបីប្រភេទសំរាប់ព្យាបាលជំងឺរាកកូនជ្រូក ក្នុងកំឡុងពេលផ្ដាច់ដោះនៅស្រុកពារាំង​ខេត្តព្រៃវែង
260 ## - PUBLICATION, DISTRIBUTION, ETC. (IMPRINT)
Place of publication Phnom Penh
Name of publisher RUA
Year of publication 2013
300 ## - PHYSICAL DESCRIPTION
Number of Pages x; 35p.
856 ## - ELECTRONIC LOCATION AND ACCESS
Uniform Resource Identifier https://drive.google.com/file/d/1g-ZYVjUgl1WbtfLWHpwAfEgvPghNTSOI/view?usp=sharing
942 ## - ADDED ENTRY ELEMENTS (KOHA)
Koha item type AVM
952 ## - LOCATION AND ITEM INFORMATION (KOHA)
Withdrawn status [LOCAL, KOHA] 0
952 ## - LOCATION AND ITEM INFORMATION (KOHA)
Withdrawn status [LOCAL, KOHA] 0
952 ## - LOCATION AND ITEM INFORMATION (KOHA)
Withdrawn status [LOCAL, KOHA] 0
952 ## - LOCATION AND ITEM INFORMATION (KOHA)
Withdrawn status [LOCAL, KOHA] 0
952 ## - LOCATION AND ITEM INFORMATION (KOHA)
Withdrawn status [LOCAL, KOHA] 0
952 ## - LOCATION AND ITEM INFORMATION (KOHA)
Withdrawn status [LOCAL, KOHA] 0
952 ## - LOCATION AND ITEM INFORMATION (KOHA)
Withdrawn status [LOCAL, KOHA] 0
952 ## - LOCATION AND ITEM INFORMATION (KOHA)
Withdrawn status [LOCAL, KOHA] 0
952 ## - LOCATION AND ITEM INFORMATION (KOHA)
Withdrawn status [LOCAL, KOHA] 0
Holdings
Permanent Location Date acquired Koha item type Lost status Shelving location Barcode Current Location Full call number
Library Block B2015-10-25AVM B109RUA016329Library Block BAVM LAO 2013 B109 Or.1
Library Block B2015-10-25AVM B109RUA009945Library Block BAVM LAO 2013 B109 Or.2
Library Block B2015-10-25AVM B109RUA018203Library Block BAVM LAO 2013 B109 Or.3
Library Block B2015-10-25AVM B109RUA018346Library Block BAVM LAO 2013 B109 Or.4
Library Block B2015-10-25AVM B109RUA018059Library Block BAVM LAO 2013 B109 Or.5
Library Block B2015-10-25AVM B109RUA018413Library Block BAVM LAO 2013 B109 Or.6
Library Block B2015-10-25AVM B109RUA018485Library Block BAVM LAO 2013 B109 Or.7
Library Block B2015-10-28AVM B109RUA018243Library Block BAVM LAO 2013 B109 Or.8
Library Block B2019-07-15AVM B1.230A40431Library Block BAVM LAO 2013 B1.230 Or.1
មជ្ឈមណ្ឌលឯការនៃសាកលវិទ្យាល័យភូមិន្ទកសិកម្មចំការដូង

Powered by Koha